000 00461nam a2200181Ia 4500
001 9819
005 20260306161746.0
008 260306t2010||||xx |||||||||||||| ||spa||
041 _aESP
082 _a465
_bG63
100 _aGómez Manzano, Pilar
_eAUT
245 0 _aEjercicios de gramática y de expresión:
_b(con nociones teóricas)
260 _c2010
300 _a753 páginas :
_c24 cm.
650 _aGEN
654 _aCHU
942 _cLIB
_dJUS
_fJUS
_2ddc
_n
999 _c9819
_d9819